A tárgyi felelősség gyakorlatához

Elmentve itt :
Bibliográfiai részletek
Szerző: Szigeti László
Dokumentumtípus: Cikk
Megjelent: 1925
Sorozat:Polgári jog : a hazai és külföldi magánjog és hiteljog szemléje 1
Kulcsszavak:Kártérítés jogi eset
Online Access:http://misc.bibl.u-szeged.hu/3964
LEADER 00622nab a2200169 i 4500
001 misc3964
005 20191106143204.0
008 170607s1925 hu o 0|| hun d
040 |a SZTE Miscellanea Repozitórium  |b hun 
041 |a hun 
100 1 |a Szigeti László 
245 1 2 |a A tárgyi felelősség gyakorlatához  |h [elektronikus dokumentum] /  |c ifj. Szigeti László 
260 |c 1925 
300 |a 306-308a 
490 0 |a Polgári jog : a hazai és külföldi magánjog és hiteljog szemléje  |v 1 
695 |a Kártérítés jogi eset 
856 4 0 |u http://misc.bibl.u-szeged.hu/3964/1/polgari_jog_1925_306-308a.pdf  |z Dokumentum-elérés